"Race, gender, class, and culture" : freshman seminar ignites controversy (Record no. 75572)
[ view plain ]
| 000 -CABECERA | |
|---|---|
| campo de control de longitud fija | 00711nam a2200241 a 4500 |
| 005 - FECHA Y HORA DE LA ÚLTIMA TRANSACCIÓN | |
| campo de control | 20210219153402.0 |
| 008 - ELEMENTOS DE LONGITUD FIJA--INFORMACIÓN GENERAL | |
| campo de control de longitud fija | 991125n 000 0 eng u |
| 035 ## - NÚMERO DE CONTROL DEL SISTEMA | |
| Número de control de sistema | UPN01000095630 |
| 100 ## - ASIENTO PRINCIPAL--NOMBRE PERSONAL | |
| Nombre de persona | Heller, Scott |
| 222 ## - TÍTULO CLAVE | |
| Título clave | CHRONICLE OF HIGHER EDUCATION |
| 245 ## - MENCIÓN DE TÍTULO | |
| Título | "Race, gender, class, and culture" : freshman seminar ignites controversy |
| 300 ## - DESCRIPCIÓN FÍSICA | |
| Extensión | A33, 35 |
| 362 ## - FECHAS DE PUBLICACIÓN Y/O DESIGNACIÓN SECUENCIAL | |
| Fecha de publicación y/o designación secuencial | 1992 38, No. 21 |
| 505 ## - NOTA DE CONTENIDO CON FORMATO PREESTABLECIDO | |
| Nota de contenido con formato | Junio 1992 |
| 653 0# - TERMINO DE INDIZACION - NO CONTROLADO | |
| Término no controlado | CUESTIONES DISCUTIDAS SOBRE LOS CONTENIDOS |
| 653 0# - TERMINO DE INDIZACION - NO CONTROLADO | |
| Término no controlado | DISCRIMINACION RACIAL |
| 653 0# - TERMINO DE INDIZACION - NO CONTROLADO | |
| Término no controlado | EDUCACION SUPERIOR |
| 653 0# - TERMINO DE INDIZACION - NO CONTROLADO | |
| Término no controlado | ESTUDIANTES |
| 653 0# - TERMINO DE INDIZACION - NO CONTROLADO | |
| Término no controlado | INSTRUCCION PARA LA ESCRITURA |
| 653 0# - TERMINO DE INDIZACION - NO CONTROLADO | |
| Término no controlado | TENDENCIAS SEXUALES |
| 904 ## - ELEMENTOS DE DATOS D LOCAL, LDD (RLIN) | |
| a | AC |
| b | 033441 |
| 905 ## - TIPO DE MATERIAL | |
| Tipo de material | Articulo |
No items available.
